Las condiciones de vivienda de los immigrantes : la intervencin̤ de los entes locales /

Bibliographic Details
Main Author: Aguado i Cudol,̉ Viceṅ
Corporate Author: Instituto Nacional de Administracin̤ Pb︢lica (Espaą)
Other Authors: Cerrillo i Martn̕ez, Agust,̕ (coaut.)
Format: Book
Language:Spanish
Published: Madrid : Instituto Nacional de Administracin̤ Pb︢lica, 2005.
Series:Estudios / Instituto Nacional de Administracin̤ Pb︢lica.
Subjects:
Online Access:Acceso restringido

MARC

LEADER 00000cam a2200000 i 4500
005 20110711133328.0
008 050803s2005 sp 000 0 spa d
017 |a D.L.M22220-05 
020 |a 8473512324 
035 |a 5600 
040 |a BUS  |d vLex 
080 |a 351.778.5-054.6(460) 
090 |c 2204  |d 2204 
100 1 |a Aguado i Cudol,̉ Viceṅ 
245 1 4 |a Las condiciones de vivienda de los immigrantes :  |b la intervencin̤ de los entes locales /  |c Vicen ̇Aguado i Cudol,̉ Agust ̕Cerrillo i Martn̕ez.  |h [Recurso electrn̤ico] 
256 |a Servicio en ln̕ea. 
260 |a Madrid :  |b Instituto Nacional de Administracin̤ Pb︢lica,   |c 2005. 
300 |a 153 p. ;  |c 24 cm. 
490 1 |a Estudios / Instituto Nacional de Administracin̤ Pb︢lica. 
506 1 |a Contenido solo disponible en los productos indicados  |d vLex Global  |d vLex Global (Academic Edition, excluding Law Schools)  |d vLex Global (U.S. Academic Edition, Law Schools)  |d vLex Global (U.S. Academic Edition, excluding Law Schools)  |d vLex Global (Academic Edition, Law Schools) 
650 |a Extranjeros  |2 Tesauro vLex 
650 |2 Tesauro vLex  |a Derecho administrativo social 
650 |2 Tesauro vLex  |a Asuntos sociales 
650 |2 Tesauro vLex  |a Regulacin̤ de la vivienda 
650 |2 Tesauro vLex  |a Derecho a la vivienda 
700 1 |a Cerrillo i Martn̕ez, Agust,̕  |e coaut. 
710 2 |a Instituto Nacional de Administracin̤ Pb︢lica (Espaą) 
740 0 |a vLex Libros (Servicio en ln̕ea) 
810 2 |a Instituto Nacional de Administracin̤ Pb︢lica (Espaą).  |t Estudios. 
856 4 0 |u http://vlex.com/source/condiciones-vivienda-inmigrantes-intervencion-entes-locales-5600  |z Acceso restringido 
942 |c BOOK